Việt Nam và thế giới đương đại Sách tham khảo
Phân tích cục diện thế giới, nội dung thời đại, nhân tố tác động và xu hướng phát triển; phân tích tình hình khu vực Châu Á - Thái Bình Dương, đưa ra những nhận định về quan hệ giữa các nước lớn; khái quát quá trình Vệt Nam hội nhập...
Đã lưu trong:
| 主要作者: | |
|---|---|
| 格式: | 圖書 |
| 語言: | Undetermined |
| 出版: |
H.
Chính trị Quốc gia - Sự thật
2014
|
| 主題: | |
| 在線閱讀: | http://lrc.tdmu.edu.vn/opac/search/detail.asp?aID=2&ID=24736 |
| 標簽: |
添加標簽
沒有標簽, 成為第一個標記此記錄!
|
| Thư viện lưu trữ: | Trung tâm Học liệu Trường Đại học Thủ Dầu Một |
|---|
| LEADER | 01157nam a2200217Ia 4500 | ||
|---|---|---|---|
| 001 | TDMU_24736 | ||
| 008 | 210410s9999 xx 000 0 und d | ||
| 082 | |a 300.1 | ||
| 090 | |b V500 | ||
| 100 | |a Vũ, Văn Hiền | ||
| 245 | 0 | |a Việt Nam và thế giới đương đại | |
| 245 | 0 | |b Sách tham khảo | |
| 245 | 0 | |c Vũ Văn Hiền | |
| 260 | |a H. | ||
| 260 | |b Chính trị Quốc gia - Sự thật | ||
| 260 | |c 2014 | ||
| 300 | |a 398tr. | ||
| 520 | |a Phân tích cục diện thế giới, nội dung thời đại, nhân tố tác động và xu hướng phát triển; phân tích tình hình khu vực Châu Á - Thái Bình Dương, đưa ra những nhận định về quan hệ giữa các nước lớn; khái quát quá trình Vệt Nam hội nhập kinh tế quốc tế, lợi thế và thách thức... | ||
| 650 | |a Quan hệ quốc tế; Chính trị Xã hội |z Việt Nam | ||
| 856 | |u http://lrc.tdmu.edu.vn/opac/search/detail.asp?aID=2&ID=24736 | ||
| 980 | |a Trung tâm Học liệu Trường Đại học Thủ Dầu Một | ||